000 00858nam a22002297a 4500
999 _c648
_d648
003 AR-CdUCM
008 190225b ||||| |||| 00| 0 spa d
040 _aMUNICIPALIDAD PROVINCIAL DEL CUSCO
_cBIBLIOTECA MUNICIPAL DEL CUSCO
082 _22ed.
_a920 /
_bP64
100 _aPina, Francisco
_92513
245 _aCharles Chaplin :
_bgenio de la desventura y la ironia /
260 _aMéxico :
_bGandesa ,
_c1957.
300 _a350 páginas ;
_bimágenes.
_c22 cm.
440 _acientíficos, escritores y artistas
_92514
505 _aChaplin, humor europeo -- Los primeros pasos -- Max Linder: el maestro superado -- El mago en su taller -- El secreto de la risa...
650 _aHumor.
_92515
650 _aCharles Chaplin.
_92516
650 _aBiografías.
_9148
650 _aSecreto de la risa.
_92517
942 _2ddc
_cLIBROS
945 _awfj
_d2019-02-25